00450nam a22001457a 4500082000900000100003100009245007800040260000900118300001300127526001800140650001800158942001200176999001900188952009700207 aT-64 aMuhammad Uzair Khan948417 aDynamic effect of traffic loading on highway bridgescMuhammad Uzair Khan c1997 a166 P, : a0b0c0dT_64 aThesis934811 2ddccBK c551374d551374 00102ddc4070aMCEbMCEd2014-12-12l0oT-64pMCE-T-64r2014-12-12w2014-12-12yBKzThesis